000 01723nam a2200253Ii 4500
008 221202s xx 000 0 und d
100 1 _aGeissler, Wenzel,
_eauthor
245 0 _aEvidence, ethos, and experiment
246 _athe anthropology and history of medical research in Africa
264 _bBerghahn Books
_c2011
300 _a1 online resource
336 _atext
_btxt
_2rdacontent
337 _acomputer
_bc
_2rdamedia
338 _aonline resource
_bcr
_2rdacarrier
520 _aMedical research has been central to biomedicine in Africa for over a century, and Africa, along with other tropical areas, has been crucial to the development of medical science. At present, study populations in Africa participate in an increasing number of medical research projects and clinical trials, run by both public institutions and private companies. Global debates about the politics and ethics of this research are growing and local concerns are prompting calls for social studies of the "trial communities" produced by this scientific work. Drawing on rich, ethnographic and historiographic ­­­material, this volume represents the emergent field of anthropological inquiry that links Africanist ethnography to recent concerns with science, the state, and the culture of late capitalism in Africa.
653 _aAfrica
653 _aBiomedical Research/History
653 _aCross-Cultural Comparison
653 _aHistory, 20Th Century
653 _aHuman Experimentation/History
700 1 _aMolyneux, Catherine
856 _uhttps://docs.google.com/spreadsheets/d/1yKIrdCPDAG_9c22mwoOIO2DOhtj65Wqa/edit?usp=sharing&ouid=106555315294820607512&rtpof=true&sd=true
_yList of Curated E-Books
942 _cE-BOOK
999 _c93412
_d93409